Making democracy work for pro-poor development / (Record no. 8949)
[ view plain ]
| 000 -LEADER | |
|---|---|
| fixed length control field | 01368cam a2200349 a 4500 |
| 001 - CONTROL NUMBER | |
| control field | 13713037 |
| 003 - CONTROL NUMBER IDENTIFIER | |
| control field | OSt |
| 005 - DATE AND TIME OF LATEST TRANSACTION | |
| control field | 20240626161733.0 |
| 008 - FIXED-LENGTH DATA ELEMENTS--GENERAL INFORMATION | |
| fixed length control field | 040218s2003 enk b o000 0 eng d |
| 010 ## - LIBRARY OF CONGRESS CONTROL NUMBER | |
| LC control number | 2004445158 |
| 020 ## - INTERNATIONAL STANDARD BOOK NUMBER | |
| International Standard Book Number | 0850927811 |
| 035 ## - SYSTEM CONTROL NUMBER | |
| System control number | (OCoLC)ocm54786319 |
| 040 ## - CATALOGING SOURCE | |
| Original cataloging agency | EQO |
| Transcribing agency | MUST |
| Modifying agency | UAB |
| -- | OCLCQ |
| -- | DLC |
| 042 ## - AUTHENTICATION CODE | |
| Authentication code | lccopycat |
| 043 ## - GEOGRAPHIC AREA CODE | |
| Geographic area code | b------ |
| 050 00 - LIBRARY OF CONGRESS CALL NUMBER | |
| Classification number | JN248 |
| Item number | .M33 2003 |
| 082 00 - DEWEY DECIMAL CLASSIFICATION NUMBER | |
| Classification number | 321.8 MAK 2003 |
| Edition number | 22 |
| 245 00 - TITLE STATEMENT | |
| Title | Making democracy work for pro-poor development / |
| Statement of responsibility, etc. | report of the Commonwealth Expert Group on Development and Democracy ; Manmohan Singh ... [et al.]. |
| 260 ## - PUBLICATION, DISTRIBUTION, ETC. (IMPRINT) | |
| Place of publication, distribution, etc. | London : |
| Name of publisher, distributor, etc. | Commonwealth Secretariat, |
| Date of publication, distribution, etc. | c2003. |
| 300 ## - PHYSICAL DESCRIPTION | |
| Extent | xix, 107 p. ; |
| Dimensions | 24 cm. |
| 504 ## - BIBLIOGRAPHY, ETC. NOTE | |
| Bibliography, etc | Includes bibliographical references. |
| 650 #0 - SUBJECT ADDED ENTRY--TOPICAL TERM | |
| Topical term or geographic name as entry element | Democracy |
| General subdivision | Economic aspects |
| Geographic subdivision | Commonwealth countries. |
| 9 (RLIN) | 18115 |
| 650 #0 - SUBJECT ADDED ENTRY--TOPICAL TERM | |
| Topical term or geographic name as entry element | Democratization |
| General subdivision | Economic aspects |
| Geographic subdivision | Commonwealth countries. |
| 9 (RLIN) | 18116 |
| 650 #0 - SUBJECT ADDED ENTRY--TOPICAL TERM | |
| Topical term or geographic name as entry element | Poor |
| Geographic subdivision | Commonwealth countries. |
| 9 (RLIN) | 18117 |
| 651 #0 - SUBJECT ADDED ENTRY--GEOGRAPHIC NAME | |
| Geographic name | Commonwealth countries |
| General subdivision | Economic conditions. |
| 9 (RLIN) | 18118 |
| 700 0# - ADDED ENTRY--PERSONAL NAME | |
| Personal name | Manmohan Singh, |
| Dates associated with a name | 1932- |
| 9 (RLIN) | 18119 |
| 710 2# - ADDED ENTRY--CORPORATE NAME | |
| Corporate name or jurisdiction name as entry element | Commonwealth Expert Group on Development and Democracy. |
| 9 (RLIN) | 18120 |
| 710 2# - ADDED ENTRY--CORPORATE NAME | |
| Corporate name or jurisdiction name as entry element | Commonwealth Secretariat. |
| 9 (RLIN) | 7533 |
| 906 ## - LOCAL DATA ELEMENT F, LDF (RLIN) | |
| a | 7 |
| b | cbc |
| c | copycat |
| d | 2 |
| e | ncip |
| f | 20 |
| g | y-gencatlg |
| 942 ## - ADDED ENTRY ELEMENTS (KOHA) | |
| Source of classification or shelving scheme | Dewey Decimal Classification |
| Koha item type | Open Shelf |
| Withdrawn status | Lost status | Source of classification or shelving scheme | Damaged status | Not for loan | Home library | Current library | Date acquired | Source of acquisition | Inventory number | Total Checkouts | Full call number | Barcode | Date last seen | Price effective from | Koha item type |
|---|---|---|---|---|---|---|---|---|---|---|---|---|---|---|---|
| Dewey Decimal Classification | MUST Main Library | MUST Main Library | 26/06/2024 | Purchase | 08/30895 | 321.8 MAK 2003 | 2024-21468 | 26/06/2024 | 26/06/2024 | Open Shelf | |||||
| Dewey Decimal Classification | MUST Main Library | MUST Main Library | 10/07/2024 | Donation | 2008/30894 | 321.8 MAK 2003 | 2024-21907 | 10/07/2024 | 10/07/2024 | Open Shelf |
